[Event "AUS-ch Major"]
[Site "Cammeray"]
[Date "2018.01.04"]
[Round "4"]
[White "Mallari, Donato"]
[Black "Anup, Kumar S"]
[Result "1-0"]
[WhiteElo "1986"]
[BlackElo "1828"]
[PlyCount "105"]
[EventDate "2018.01.02"]
[EventType "swiss"]
[EventRounds "11"]
[EventCountry "AUS"]
[SourceTitle "CBM 182 Extra"]
[Source "ChessBase"]
[SourceDate "2018.02.23"]
[SourceVersion "1"]
[SourceVersionDate "2018.02.23"]
[SourceQuality "1"]

1. e4 e5 2. Nf3 Nf6 3. Nc3 Nc6 4. d3 h6 5. Be2 Bc5 6. 0-0 a6 7. Nxe5 Nxe5 8. d4 Bxd4 9. Qxd4 d6 10. Bf4 Ng6 11. Bg3 0-0 12. f4 Re8 13. Rad1 Bg4 14. Bf3 Bxf3 15. Rxf3 Nh5 16. Rdf1 Kh7 17. Qc4 Nxg3 18. Rxg3 Qd7 19. Nd5 Rac8 20. Rb3 b5 21. Qd3 f6 22. Ra3 Ra8 23. c4 c6 24. Ne3 b4 25. Ra5 c5 26. Rxc5 Qe7 27. Nd5 Qxe4 28. Qxe4 Rxe4 29. Rc7 Kg8 30. g3 Re2 31. Rf2 Rae8 32. Nxb4 R8e7 33. Rxe7 Rxe7 34. Nxa6 Ra7 35. Nb4 Ne7 36. Rd2 Rd7 37. Nd5 Nf5 38. b4 Kf7 39. b5 g5 40. Kf2 Rd8 41. a4 Ra8 42. Nb6 Ra7 43. fxg5 hxg5 44. g4 Nh6 45. h3 Ke6 46. Rxd6+ Kxd6 47. Nc8+ Kc5 48. Nxa7 Nf7 49. Nc8 Ne5 50. a5 Nxc4 51. a6 Nb6 52. Nxb6 Kxb6 53. Ke3 1-0

[Event "Begonia op 51st"]
[Site "Ballarat"]
[Date "2017.03.11"]
[Round "3"]
[White "Mallari, Donato"]
[Black "Illingworth, Max"]
[Result "0-1"]
[WhiteElo "2077"]
[BlackElo "2498"]
[PlyCount "98"]
[EventDate "2017.03.11"]
[EventType "swiss"]
[EventRounds "7"]
[EventCountry "AUS"]
[SourceTitle "CBM 177 Extra"]
[Source "ChessBase"]
[SourceDate "2017.04.27"]
[SourceVersion "1"]
[SourceVersionDate "2017.04.27"]
[SourceQuality "1"]

1. Nf3 Nf6 2. g3 c5 3. Bg2 Nc6 4. d4 cxd4 5. Nxd4 h5 6. h3 g6 7. b3 Qa5+ 8. Bd2 Qc7 9. Nxc6 bxc6 10. c4 Bg7 11. Nc3 0-0 12. Rc1 d6 13. 0-0 Bb7 14. Bg5 Rfe8 15. Qd2 a5 16. Rfd1 c5 17. Bxb7 Qxb7 18. f3 Nd7 19. Kf2 Nb6 20. a4 Nd7 21. Rb1 Ne5 22. Nb5 Qd7 23. Kg2 Nc6 24. Be3 Qc8 25. g4 Ne5 26. Rg1 Qc7 27. Kf2 hxg4 28. hxg4 Rf8 29. Nc3 Qb7 30. Bh6 f5 31. g5 Bxh6 32. gxh6 Kh7 33. Nd5 e6 34. Nf4 Qe7 35. Rh1 Rab8 36. Qxa5 Rb4 37. Nd3 Nxd3+ 38. exd3 Qb7 39. Rhe1 e5 40. d4 Ra8 41. Qxb4 Qxb4 42. dxe5 Qd2+ 43. Kg3 f4+ 44. Kh3 Qf2 45. Rg1 Qxf3+ 46. Kh2 Qh5+ 47. Kg2 dxe5 48. Ra1 Qe2+ 49. Kh3 Rb8 0-1

[Event "Oceania zt"]
[Site "Cammeray"]
[Date "2015.07.06"]
[Round "4"]
[White "Mallari, Donato"]
[Black "Ball, Christopher"]
[Result "0-1"]
[WhiteElo "1988"]
[BlackElo "1861"]
[PlyCount "56"]
[EventDate "2015.07.04"]
[EventType "swiss"]
[EventRounds "9"]
[EventCountry "AUS"]
[SourceTitle "CBM 167 Extra"]
[Source "ChessBase"]
[SourceDate "2015.09.14"]
[SourceVersion "1"]
[SourceVersionDate "2015.09.14"]
[SourceQuality "1"]

1. d4 Nf6 2. c4 e6 3. Nc3 Bb4 4. Qc2 c5 5. e3 Nc6 6. Nf3 b6 7. Bd3 Bb7 8. 0-0 d5 9. cxd5 exd5 10. dxc5 bxc5 11. a3 Bxc3 12. Qxc3 Qd6 13. b3 0-0 14. Bb2 Rad8 15. Rfd1 d4 16. Qc2 Ne5 17. Be2 Nxf3+ 18. gxf3 Qe5 19. h4 Rfe8 20. b4 Qh5 21. Kg2 Qg4+ 22. Kf1 Bxf3 23. Bxf3 Qxf3 24. Kg1 Ng4 25. bxc5 dxe3 26. fxe3 Qg3+ 27. Qg2 Rxd1+ 28. Rxd1 Qxg2+ 0-1

[Event "Sydney op-A"]
[Site "Parramatta"]
[Date "2013.04.07"]
[Round "9"]
[White "Mallari, Donato"]
[Black "Willathgamuwa, Kevin"]
[Result "1-0"]
[WhiteElo "1978"]
[BlackElo "1729"]
[PlyCount "123"]
[EventDate "2013.04.03"]
[EventType "swiss"]
[EventRounds "9"]
[EventCountry "AUS"]
[SourceTitle "EXT 2023"]
[Source "ChessBase"]
[SourceDate "2022.10.05"]
[SourceVersion "1"]
[SourceVersionDate "2022.10.05"]
[SourceQuality "1"]

1. e4 e6 2. d4 d5 3. Nc3 Bb4 4. e5 c5 5. a3 Bxc3+ 6. bxc3 Ne7 7. Qg4 Qc7 8. Qxg7 Rg8 9. Qxh7 cxd4 10. Ne2 Nbc6 11. cxd4 Nxd4 12. Ra2 Qxe5 13. Bb2 Qf5 14. Qxf5 Ndxf5 15. h4 Nh6 16. f3 f5 17. h5 Bd7 18. Nf4 Rc8 19. Bd3 Kf7 20. Rh2 Ba4 21. Kd2 Rcd8 22. Ra1 Rg5 23. Re1 Bd7 24. a4 Rdg8 25. Bf1 Rg3 26. Kd1 Rc8 27. Bd3 Rcg8 28. Re2 Rd8 29. a5 Re8 30. Re1 Reg8 31. Bc1 Rh8 32. Ne2 Rgg8 33. Bb2 Rh7 34. g4 Kf8 35. Nf4 Nf7 36. Nxe6+ Bxe6 37. Rxe6 Ng5 38. Re3 f4 39. Bxh7 fxe3 40. Bxg8 Kxg8 41. f4 Ne4 42. Bd4 Nc6 43. Bxe3 d4 44. Bd2 Nxd2 45. Kxd2 Nxa5 46. Kd3 Nc6 47. g5 b5 48. Re2 a5 49. Re6 Nb4+ 50. Kxd4 Nxc2+ 51. Kc3 Nb4 52. Re5 Nc6 53. Rxb5 Kg7 54. f5 a4 55. Rb7+ Kg8 56. h6 a3 57. g6 a2 58. Kb2 Kf8 59. h7 Ne7 60. h8Q+ Ng8 61. Rf7+ Ke8 62. Qxg8# 1-0

[Event "Sydney op-A"]
[Site "Parramatta"]
[Date "2013.04.04"]
[Round "4"]
[White "Akshat, Khamparia"]
[Black "Mallari, Donato"]
[Result "1-0"]
[WhiteElo "2393"]
[BlackElo "1978"]
[PlyCount "77"]
[EventDate "2013.04.03"]
[EventType "swiss"]
[EventRounds "9"]
[EventCountry "AUS"]
[SourceTitle "EXT 2023"]
[Source "ChessBase"]
[SourceDate "2022.10.05"]
[SourceVersion "1"]
[SourceVersionDate "2022.10.05"]
[SourceQuality "1"]

1. d4 Nf6 2. c4 e6 3. Nc3 c5 4. d5 d6 5. e4 exd5 6. cxd5 a6 7. a4 g6 8. Nf3 Bg7 9. Bg5 0-0 10. Nd2 Nbd7 11. Be2 Rb8 12. 0-0 Re8 13. Re1 Qc7 14. h3 h6 15. Bf4 g5 16. Bg3 Ne5 17. Nc4 Nxc4 18. Bxc4 Nd7 19. f4 gxf4 20. Bxf4 Ne5 21. Be2 Qe7 22. Rf1 Rf8 23. Qd2 Kh7 24. Ra3 Ng6 25. Bg3 Bd7 26. Rb3 b5 27. axb5 Bxc3 28. Qxc3 axb5 29. Qf6 Rb6 30. Rbf3 Be8 31. Bd3 c4 32. Bb1 Kg8 33. e5 Qxf6 34. Rxf6 Ne7 35. Be4 Nc8 36. exd6 h5 37. Be5 Bd7 38. Bg6 Be8 39. Bf5 1-0

[Event "Australian op"]
[Site "Cammeray"]
[Date "2013.01.03"]
[Round "2"]
[White "Ly, Moulthun"]
[Black "Mallari, Donato"]
[Result "1-0"]
[WhiteElo "2417"]
[BlackElo "1981"]
[PlyCount "49"]
[EventDate "2013.01.02"]
[EventType "swiss"]
[EventRounds "11"]
[EventCountry "AUS"]
[SourceTitle "CBM 152 Extra"]
[Source "ChessBase"]
[SourceDate "2013.02.25"]
[SourceVersion "1"]
[SourceVersionDate "2013.02.25"]
[SourceQuality "1"]

1. e4 c5 2. Nc3 Nc6 3. Bb5 Nd4 4. Bc4 e6 5. Nf3 Nxf3+ 6. Qxf3 d6 7. 0-0 a6 8. d3 Bd7 9. Qg3 Qc7 10. a3 h5 11. Bg5 Nf6 12. f4 b5 13. Ba2 b4 14. Nd1 Nh7 15. Bh4 g6 16. f5 Rg8 17. Qf3 Ra7 18. Ne3 g5 19. fxe6 Bxe6 20. Bxe6 fxe6 21. Qxh5+ Kd8 22. Bg3 a5 23. Nc4 Ra6 24. e5 d5 25. Nd6 1-0